01394nam a22003857a 45000010009000000050017000090080041000260100017000670160018000840160020001020220014001220220014001360250020001500350024001700400061001940420014002550500015002690600015002842100023002992220037003222450042003592600067004013000024004683100014004923620034005065000117005406500034006576500042006916500045007336500036007787100043008147100039008577850066008962700046009621115646820090326100430.0751019d19591975ii qr p 0 a0eng d asa 64006854  a76120452DNLM aI092200002DNLM a0377-9343 a0019-5111 aPL480:I-D-E-561 a(OCoLC)ocm01714340  aMnMULScMnMULSdDNLMdNSDPdDLCdOCoLCdDLCdOCoLCdCU-S ansdpamsc aRC941b.A1 aW1bIN206S aIndian J Chest Dis aIndian journal of chest diseases aThe Indian journal of chest diseases. aDelhi,bVallabhbhai Patel Chest Institute, University of Delhi a17 v.bill.c25 cm. aQuarterly av. 1-17; July 1959-Oct. 1975. aOfficial publication of the Indian Association for Chest Diseases and V.P. Chest Institute, University of Delhi. aChestxDiseasesvPeriodicals. aCardiovascular DiseasesvPeriodicals. aRespiratory Tract DiseasesvPeriodicals. aThoracic DiseasesvPeriodicals. aIndian Association for Chest Diseases. aVallabhbhai Patel Chest Institute. tIndian journal of chest diseases & allied sciencesx0377-9343 k27667102, 27667667mvijayanvk@hotmail.com